000 00750nam a2200265Ia 4500
005 20260302114800.0
008 008 260114s9999 xx 000 0 eng d
020 _a9789354359170
037 _aTextbook
040 _aCRL
040 _beng
040 _cCRL
041 _2eng
041 _aeng
084 _qCRL
100 _aSanjib Kr Biswas; Priyanka Tripathi
_91119743
245 4 _aThe Gendered War Evaluating Feminist Ethnographic Narratives of the 1971 War of Bangladesh
260 _bBloomsbury
260 _bBloomsbury India
260 _c2022
650 _aLiterary Studies
856 _uhttps://doi.org/10.5040/9789354359170?locatt=label:secondary_bloomsburyCollections
942 _cEBOOK
999 _c1683817
_d1683817